| 000 | 00566nam a2200193 a 4500 | ||
|---|---|---|---|
| 005 | 20210223133410.0 | ||
| 008 | 170911s2006 ea r 000 0 spa d | ||
| 020 | _a1404274812 | ||
| 035 | _aUPN01000220416 | ||
| 049 | _aI | ||
| 050 | 4 |
_aQL737 M3.84 _bR6.6 |
|
| 100 | 1 |
_aRobbins, Eliza _942046 |
|
| 245 | 1 | 0 |
_aOsos koala / _cEliza Robbins ; tr. José María Obregón. |
| 260 |
_aNew York : _bRosen Classroom Books & Materials, _c2006. |
||
| 300 |
_a8 p. : _bil. col. |
||
| 650 | 4 |
_aKOALA - _vLITERATURA INFANTIL _927478 |
|
| 905 | _aInfantil | ||
| 999 |
_c192515 _d192515 |
||